[Event "Mar del Plata op 47th"]
[Site "Mar del Plata"]
[Date "2016.03.24"]
[Round "7"]
[White "Krysa, Leandro Sergio"]
[Black "Rosito, Jorge"]
[Result "1-0"]
[WhiteElo "2476"]
[BlackElo "2356"]
[PlyCount "83"]
[EventDate "2016.03.19"]
[EventType "swiss"]
[EventRounds "9"]
[EventCountry "ARG"]
[SourceTitle "CBM 171 Extra"]
[Source "ChessBase"]
[SourceDate "2016.04.26"]
[SourceVersion "1"]
[SourceVersionDate "2016.04.26"]
[SourceQuality "1"]

1. Nf3 Nf6 2. g3 d5 3. Bg2 c6 4. 0-0 h6 5. c4 Bf5 6. cxd5 cxd5 7. Qb3 Qb6 8. Qxb6 axb6 9. Nc3 e6 10. Nb5 Ra5 11. a4 Nc6 12. d3 Kd7 13. Bf4 Be7 14. Rfc1 Rc8 15. Ne5+ Nxe5 16. Rxc8 Kxc8 17. Bxe5 Kd7 18. b3 Ra8 19. Rc1 Rc8 20. Rxc8 Kxc8 21. Bd4 Kd7 22. Bxb6 Bg4 23. Kf1 Ne8 24. h3 Bh5 25. e4 dxe4 26. Bxe4 Kc8 27. g4 Bg6 28. Bxg6 fxg6 29. Bd4 h5 30. Ke2 hxg4 31. hxg4 Kd7 32. Kf3 Kc6 33. Ke4 g5 34. f3 Bf6 35. Bxf6 gxf6 36. b4 Ng7 37. Kd4 Ne8 38. Ke4 Ng7 39. Nd4+ Kd7 40. a5 Kd6 41. b5 Ne8 42. a6 1-0

[Event "Mar del Plata op 47th"]
[Site "Mar del Plata"]
[Date "2016.03.23"]
[Round "6"]
[White "Rosito, Jorge"]
[Black "Slipak, Sergio"]
[Result "1/2-1/2"]
[WhiteElo "2356"]
[BlackElo "2434"]
[PlyCount "49"]
[EventDate "2016.03.19"]
[EventType "swiss"]
[EventRounds "9"]
[EventCountry "ARG"]
[SourceTitle "CBM 171 Extra"]
[Source "ChessBase"]
[SourceDate "2016.04.26"]
[SourceVersion "1"]
[SourceVersionDate "2016.04.26"]
[SourceQuality "1"]

1. e4 c5 2. Nf3 Nf6 3. Nc3 Nc6 4. d4 d5 5. exd5 Nxd5 6. dxc5 Nxc3 7. Qxd8+ Nxd8 8. bxc3 e6 9. Be3 Bd7 10. Ne5 Ba4 11. Rb1 Nc6 12. Nc4 0-0-0 13. Bd3 Nb8 14. Ne5 Be8 15. Be4 Nc6 16. Nxc6 Bxc6 17. Bxc6 bxc6 18. Bf4 Bxc5 19. Rb8+ Kd7 20. Rb7+ Ke8 21. Ke2 Rd7 22. Rb8+ Rd8 23. Rb7 Rd7 24. Rb8+ Rd8 25. Rb7 1/2-1/2

[Event "Mar del Plata op 47th"]
[Site "Mar del Plata"]
[Date "2016.03.20"]
[Round "2"]
[White "Rosito, Jorge"]
[Black "Fiora, Emilio"]
[Result "1-0"]
[WhiteElo "2356"]
[BlackElo "2137"]
[PlyCount "152"]
[EventDate "2016.03.19"]
[EventType "swiss"]
[EventRounds "9"]
[EventCountry "ARG"]
[SourceTitle "CBM 171 Extra"]
[Source "ChessBase"]
[SourceDate "2016.04.26"]
[SourceVersion "1"]
[SourceVersionDate "2016.04.26"]
[SourceQuality "1"]

1. e4 c5 2. Nf3 d6 3. d4 cxd4 4. Nxd4 Nf6 5. Nc3 g6 6. Be3 Bg7 7. f3 0-0 8. Qd2 Nc6 9. g4 Be6 10. Nxe6 fxe6 11. 0-0-0 Qc8 12. h4 Ne5 13. Be2 Nfd7 14. f4 Nc4 15. Bxc4 Qxc4 16. e5 dxe5 17. Qxd7 exf4 18. Bd2 f3 19. Qa4 Rac8 20. Qxc4 Rxc4 21. g5 Bd4 22. Rdf1 Bb6 23. Nd1 e5 24. Rh3 e4 25. Be3 Bxe3+ 26. Nxe3 Rd4 27. Rh2 Kf7 28. c3 Rd3 29. Ng4 Ke6 30. Re1 Rf4 31. Nf2 Rd5 32. Nxe4 Kf5 33. Nf2 e5 34. Re3 e4 35. Kc2 Rd7 36. Rh3 Rg4 37. Nxe4 Rxe4 38. Rhxf3+ Rf4 39. Rxf4+ Kxf4 40. Re6 Kg4 41. Re4+ Kh5 42. c4 Rf7 43. b4 h6 44. gxh6 Kxh6 45. c5 a5 46. b5 g5 47. hxg5+ Kxg5 48. Kc3 Rf1 49. Rc4 Kf6 50. c6 bxc6 51. Rxc6+ Ke7 52. Ra6 Kd7 53. Kc4 Kc7 54. a4 Rf4+ 55. Kb3 Rf3+ 56. Kb2 Rf2+ 57. Kc3 Rf3+ 58. Kd2 Kb7 59. Rxa5 Rh3 60. Ra6 Rg3 61. Kc2 Rh3 62. Kb2 Rg3 63. Rc6 Ka7 64. Rc3 Rg4 65. Kb3 Rg7 66. Kb4 Kb7 67. a5 Ka7 68. Rc4 Rg1 69. Rc7+ Kb8 70. Rd7 Kc8 71. Rd5 Kb7 72. a6+ Ka7 73. Rd7+ Kb8 74. Ka5 Rg6 75. b6 Rg5+ 76. Kb4 Rg4+ 1-0

[Event "Neuquen Patagonia op 1st"]
[Site "Neuquen"]
[Date "2015.11.26"]
[Round "7"]
[White "Henriquez Villagra, Cristobal"]
[Black "Rosito, Jorge"]
[Result "1-0"]
[WhiteElo "2511"]
[BlackElo "2362"]
[PlyCount "62"]
[EventDate "2015.11.21"]
[EventType "swiss"]
[EventRounds "9"]
[EventCountry "ARG"]
[SourceTitle "CBM 169 Extra"]
[Source "ChessBase"]
[SourceDate "2015.12.18"]
[SourceVersion "1"]
[SourceVersionDate "2015.12.18"]
[SourceQuality "1"]

1. d4 Nf6 2. Nf3 e6 3. e3 c5 4. Bd3 d5 5. b3 Nc6 6. Bb2 Bd6 7. 0-0 0-0 8. a3 b6 9. Nbd2 Bb7 10. Ne5 Qc7 11. f4 Ne7 12. Qe2 Ne4 13. Nxe4 dxe4 14. Bc4 a6 15. dxc5 Bxc5 16. b4 Bd6 17. Rfd1 b5 18. Bb3 Bd5 19. c4 bxc4 20. Nxc4 Bxc4 21. Qxc4 Qxc4 22. Bxc4 Nf5 23. Kf2 Rfc8 24. Rac1 h5 25. Be5 a5 26. b5 Bc5 27. Rc3 Bb6 28. Rdc1 Rd8 29. R1c2 a4 30. Bf1 Ne7 31. Rc4 Rac8 1-0

[Event "Neuquen Patagonia op 1st"]
[Site "Neuquen"]
[Date "2015.11.23"]
[Round "3"]
[White "Arias, Juan Cruz"]
[Black "Rosito, Jorge"]
[Result "1-0"]
[WhiteElo "2099"]
[BlackElo "2362"]
[PlyCount "123"]
[EventDate "2015.11.21"]
[EventType "swiss"]
[EventRounds "9"]
[EventCountry "ARG"]
[SourceTitle "CBM 169 Extra"]
[Source "ChessBase"]
[SourceDate "2015.12.18"]
[SourceVersion "1"]
[SourceVersionDate "2015.12.18"]
[SourceQuality "1"]

1. e4 c5 2. Nc3 Nc6 3. g3 g6 4. Bg2 Bg7 5. d3 d6 6. Be3 e6 7. Qd2 Rb8 8. Nf3 Nd4 9. Bxd4 cxd4 10. Nb5 a6 11. Nbxd4 Ne7 12. 0-0 0-0 13. c3 b5 14. Nc2 Bb7 15. Rfe1 Qb6 16. d4 a5 17. Rad1 Rfc8 18. Qg5 Rc7 19. a3 d5 20. Qh4 dxe4 21. Ng5 h6 22. Nxe4 Nf5 23. Qf4 Bxe4 24. Bxe4 Nd6 25. Bd3 Nc4 26. Bxc4 bxc4 27. Ne3 g5 28. Qe4 Qa6 29. Re2 Qa8 30. Qxa8 Rxa8 31. d5 exd5 32. Rxd5 Bf8 33. Red2 Bc5 34. Nxc4 Bxf2+ 35. Kxf2 Rxc4 36. Rd8+ Rxd8 37. Rxd8+ Kg7 38. Rd5 a4 39. Ke3 Rc8 40. Rd4 Rb8 41. Rb4 Re8+ 42. Kd3 Rd8+ 43. Ke3 Re8+ 44. Kf3 Ra8 45. g4 h5 46. gxh5 Kh6 47. Kg4 f5+ 48. Kxf5 Kxh5 49. c4 Rf8+ 50. Ke6 Rf2 51. c5 Rxh2 52. c6 Rc2 53. Kd5 g4 54. Rc4 Rd2+ 55. Ke4 Rd8 56. c7 Rc8 57. Kd5 g3 58. Kc6 Rf8 59. Kb7 g2 60. Rc1 Rf1 61. c8Q g1Q 62. Qh8+ 1-0

[Event "Mar del Plata Vasta Memorial"]
[Site "Mar del Plata"]
[Date "2014.06.03"]
[Round "2"]
[White "Fidel, Roberto Oscar"]
[Black "Rosito, Jorge"]
[Result "1-0"]
[WhiteElo "2197"]
[BlackElo "2381"]
[PlyCount "77"]
[EventDate "2014.05.13"]
[EventType "tourn"]
[EventRounds "10"]
[EventCountry "ARG"]
[EventCategory "1"]
[SourceTitle "EXT 2017"]
[Source "ChessBase"]
[SourceDate "2016.10.25"]
[SourceVersion "1"]
[SourceVersionDate "2016.10.25"]
[SourceQuality "1"]

1. Nf3 Nf6 2. g3 d5 3. Bg2 c6 4. 0-0 Bf5 5. Nh4 Bg4 6. h3 Bh5 7. g4 Bg6 8. d3 e6 9. Nxg6 hxg6 10. e4 Nbd7 11. Bf4 dxe4 12. dxe4 e5 13. Bg3 Bc5 14. Nd2 Qe7 15. c3 g5 16. Nc4 Qe6 17. Qe2 Nh7 18. b4 Be7 19. Ne3 g6 20. Rad1 a5 21. a3 axb4 22. axb4 Nb6 23. Ra1 0-0 24. Ra5 Bd6 25. Rfa1 Rad8 26. b5 Bc7 27. Ra7 Qc8 28. bxc6 bxc6 29. Nc4 Nd7 30. Qb2 Nc5 31. Qb4 Nd3 32. Qb7 Qe6 33. Nb2 Rb8 34. Qxc7 Rxb2 35. Qe7 Re2 36. Qxe6 fxe6 37. Rd1 Nc5 38. Ra5 Rb8 39. Rxc5 1-0

[Event "Mar del Plata Vasta Memorial"]
[Site "Mar del Plata"]
[Date "2014.05.29"]
[Round "2"]
[White "Rosito, Jorge"]
[Black "Anino, Sergio"]
[Result "1/2-1/2"]
[WhiteElo "2381"]
[BlackElo "2156"]
[PlyCount "35"]
[EventDate "2014.05.13"]
[EventType "tourn"]
[EventRounds "10"]
[EventCountry "ARG"]
[EventCategory "1"]
[SourceTitle "EXT 2017"]
[Source "ChessBase"]
[SourceDate "2016.10.25"]
[SourceVersion "1"]
[SourceVersionDate "2016.10.25"]
[SourceQuality "1"]

1. e4 e5 2. Nf3 Nc6 3. Bb5 Nge7 4. Nc3 g6 5. d4 exd4 6. Nd5 Bg7 7. Bg5 h6 8. Bf6 Bxf6 9. Nxf6+ Kf8 10. Qd2 Ng8 11. Nxg8 Kxg8 12. 0-0 Qf6 13. Rfe1 d6 14. Bxc6 bxc6 15. Qxd4 Qxd4 16. Nxd4 Bd7 17. Rad1 Kg7 18. f3 1/2-1/2

[Event "Mar del Plata Vasta Memorial"]
[Site "Mar del Plata"]
[Date "2014.05.13"]
[Round "1"]
[White "Di Muro, Matias"]
[Black "Rosito, Jorge"]
[Result "1/2-1/2"]
[WhiteElo "2292"]
[BlackElo "2381"]
[PlyCount "51"]
[EventDate "2014.05.13"]
[EventType "tourn"]
[EventRounds "10"]
[EventCountry "ARG"]
[EventCategory "1"]
[SourceTitle "EXT 2017"]
[Source "ChessBase"]
[SourceDate "2016.10.25"]
[SourceVersion "1"]
[SourceVersionDate "2016.10.25"]
[SourceQuality "1"]

1. e4 e5 2. Nf3 Nc6 3. Bb5 f5 4. d3 fxe4 5. dxe4 Nf6 6. 0-0 Bc5 7. Qd3 Nd4 8. Nxd4 Bxd4 9. c3 Bb6 10. Bc4 d6 11. h3 Qe7 12. a4 a6 13. Na3 Be6 14. Bxe6 Qxe6 15. Nc4 Ba7 16. Be3 0-0 17. Bxa7 Rxa7 18. Ne3 Raa8 19. Nd5 Nxd5 20. Qxd5 Qxd5 21. exd5 Rf4 22. b3 Raf8 23. Ra2 Kf7 24. Re1 Ke7 25. Re3 g5 26. Rae2 1/2-1/2

[Event "Buenos Aires Duchamp Memorial op 5th"]
[Site "Buenos Aires"]
[Date "2013.03.26"]
[Round "5"]
[White "Benedetti, Julio"]
[Black "Rosito, Jorge"]
[Result "1-0"]
[WhiteElo "2173"]
[BlackElo "2393"]
[PlyCount "89"]
[EventDate "2013.03.23"]
[EventType "swiss"]
[EventRounds "8"]
[EventCountry "ARG"]
[SourceTitle "CBM 153 Extra"]
[Source "ChessBase"]
[SourceDate "2013.04.22"]
[SourceVersion "1"]
[SourceVersionDate "2013.04.22"]
[SourceQuality "1"]

1. e4 c5 2. Nf3 d6 3. d4 Nf6 4. Nc3 cxd4 5. Nxd4 Nc6 6. Be2 e6 7. 0-0 Be7 8. Kh1 0-0 9. f4 a6 10. Be3 Qc7 11. Nxc6 bxc6 12. Bf3 Rb8 13. b3 d5 14. exd5 cxd5 15. Ne2 Bb7 16. Bd4 Rbc8 17. c3 Rfd8 18. Qe1 Ne4 19. Ng3 Nxg3+ 20. Qxg3 Bf8 21. Rae1 g6 22. Qg5 Bg7 23. Bg4 h6 24. Qh4 Rd7 25. Re3 Qd8 26. Qg3 Bxd4 27. cxd4 Rc6 28. h4 h5 29. Bxh5 Qf6 30. Re5 Kf8 31. Be2 Rdc7 32. h5 Rc3 33. Rf3 Rxf3 34. Bxf3 gxh5 35. f5 exf5 36. Qf4 Bc8 37. Rxd5 Kg7 38. Rd6 Qe7 39. Qg3+ Kf8 40. Bxh5 Rc1+ 41. Kh2 Bb7 42. d5 Rc3 43. Bf3 Rd3 44. Rh6 Qe3 45. Qd6+ 1-0

[Event "Buenos Aires Duchamp Memorial op 5th"]
[Site "Buenos Aires"]
[Date "2013.03.24"]
[Round "3"]
[White "Rosito, Jorge"]
[Black "Miranda, Rafael"]
[Result "1-0"]
[WhiteElo "2393"]
[BlackElo "2055"]
[PlyCount "71"]
[EventDate "2013.03.23"]
[EventType "swiss"]
[EventRounds "8"]
[EventCountry "ARG"]
[SourceTitle "CBM 153 Extra"]
[Source "ChessBase"]
[SourceDate "2013.04.22"]
[SourceVersion "1"]
[SourceVersionDate "2013.04.22"]
[SourceQuality "1"]

1. e4 g6 2. d4 Bg7 3. Nc3 c5 4. d5 d6 5. f4 a6 6. a4 b6 7. Nf3 Bg4 8. h3 Bxf3 9. Qxf3 Nd7 10. Be2 h5 11. 0-0 Ngf6 12. e5 dxe5 13. f5 e4 14. Nxe4 Ne5 15. Nxf6+ exf6 16. Qb3 g5 17. Bxa6 0-0 18. Bb5 Qd6 19. Be3 Rfd8 20. Rad1 Bf8 21. Qc3 Be7 22. Qd2 Kg7 23. Qf2 Rh8 24. b4 cxb4 25. Bxb6 h4 26. Be3 Rab8 27. Rd2 Qc7 28. Bxg5 Rxb5 29. axb5 Bc5 30. Be3 Bxe3 31. Qxe3 Nc4 32. d6 Qd8 33. Qd4 Nxd2 34. Qxd2 Qb6+ 35. Kh2 Qxb5 36. Rf4 1-0

[Event "American Continental 08th"]
[Site "Mar del Plata"]
[Date "2012.10.21"]
[Round "11"]
[White "Contreras, Henry"]
[Black "Rosito, Jorge"]
[Result "0-1"]
[WhiteElo "2220"]
[BlackElo "2387"]
[PlyCount "86"]
[EventDate "2012.10.12"]
[EventType "swiss"]
[EventRounds "11"]
[EventCountry "ARG"]
[SourceTitle "EXT 2013"]
[Source "ChessBase"]
[SourceDate "2012.11.22"]
[SourceVersion "1"]
[SourceVersionDate "2012.11.22"]
[SourceQuality "1"]

1. e4 c5 2. Nf3 e6 3. d4 cxd4 4. Nxd4 Nf6 5. Nc3 Nc6 6. Ndb5 Bb4 7. a3 Bxc3+ 8. Nxc3 d5 9. Bd3 d4 10. Ne2 e5 11. 0-0 0-0 12. b4 a6 13. c3 dxc3 14. Nxc3 Bg4 15. Ne2 Nxe4 16. Bxe4 Qxd1 17. Rxd1 Bxe2 18. Re1 Bb5 19. Bb2 Rac8 20. Rec1 Ba4 21. f3 f6 22. Kf2 Rfd8 23. Ke3 Rc7 24. g4 Rcd7 25. h4 Ne7 26. g5 f5 27. Bb1 f4+ 28. Ke4 Rd2 29. Bxe5 Re2+ 30. Kxf4 Nd5+ 31. Kg3 Rxe5 32. Be4 Bc6 33. Rc5 Ree8 34. Re1 Nb6 35. Kf2 Bxe4 36. Rxe4 Rxe4 37. fxe4 Kf7 38. a4 Rc8 39. Rf5+ Ke6 40. a5 Nd7 41. Ke3 Ne5 42. Rf1 Rc3+ 43. Kd4 Rd3+ 0-1

[Event "American Continental 08th"]
[Site "Mar del Plata"]
[Date "2012.10.13"]
[Round "2"]
[White "Rosito, Jorge"]
[Black "Argote Heredia, Valentina"]
[Result "1-0"]
[WhiteElo "2387"]
[BlackElo "1856"]
[PlyCount "55"]
[EventDate "2012.10.12"]
[EventType "swiss"]
[EventRounds "11"]
[EventCountry "ARG"]
[SourceTitle "EXT 2013"]
[Source "ChessBase"]
[SourceDate "2012.11.22"]
[SourceVersion "1"]
[SourceVersionDate "2012.11.22"]
[SourceQuality "1"]

1. e4 c5 2. Nf3 d6 3. d4 cxd4 4. Nxd4 Nf6 5. Nc3 a6 6. Be3 e6 7. Be2 Nbd7 8. f4 b5 9. Bf3 Bb7 10. e5 Bxf3 11. Qxf3 dxe5 12. Nc6 Qc8 13. fxe5 b4 14. exf6 bxc3 15. fxg7 Bxg7 16. 0-0 Rf8 17. bxc3 a5 18. Na7 Ne5 19. Qe4 Rxa7 20. Bxa7 Qxc3 21. Rad1 Qc7 22. Qa4+ Ke7 23. Qa3+ Ke8 24. Bc5 Rg8 25. Kh1 Qc6 26. Rd6 Qb5 27. Rfd1 Bf6 28. Rb6 1-0

[Event "Regina Helena Marques 7th"]
[Site "Santos"]
[Date "2010.08.14"]
[Round "8"]
[White "Stamenkovic, Dragan"]
[Black "Rosito, Jorge"]
[Result "1/2-1/2"]
[WhiteElo "2391"]
[BlackElo "2422"]
[PlyCount "38"]
[EventDate "2010.08.09"]
[EventType "tourn"]
[EventRounds "9"]
[EventCountry "BRA"]
[EventCategory "3"]
[SourceTitle "CBM 137 Extra"]
[Source "ChessBase"]
[SourceDate "2010.09.01"]
[SourceVersion "1"]
[SourceVersionDate "2010.09.01"]
[SourceQuality "1"]

1. d4 Nf6 2. Nf3 e6 3. c4 b6 4. g3 Bb7 5. Bg2 Be7 6. 0-0 0-0 7. Nc3 Ne4 8. Qc2 Nxc3 9. Qxc3 f5 10. Rd1 Bf6 11. Ne5 Qc8 12. Bxb7 Qxb7 13. b3 d6 14. Nf3 Nd7 15. Bb2 e5 16. dxe5 Nxe5 17. Nxe5 Bxe5 18. Qd2 Rad8 19. Rab1 Bxb2 1/2-1/2

[Event "Regina Helena Marques 7th"]
[Site "Santos"]
[Date "2010.08.12"]
[Round "5"]
[White "Rosito, Jorge"]
[Black "Van Riemsdijk, Dirk Dagobert"]
[Result "1-0"]
[WhiteElo "2422"]
[BlackElo "2213"]
[PlyCount "81"]
[EventDate "2010.08.09"]
[EventType "tourn"]
[EventRounds "9"]
[EventCountry "BRA"]
[EventCategory "3"]
[SourceTitle "CBM 137 Extra"]
[Source "ChessBase"]
[SourceDate "2010.09.01"]
[SourceVersion "1"]
[SourceVersionDate "2010.09.01"]
[SourceQuality "1"]

1. e4 c6 2. c4 d5 3. exd5 cxd5 4. cxd5 Nf6 5. Nc3 g6 6. Bc4 Bg7 7. Nf3 0-0 8. 0-0 Bg4 9. h3 Bxf3 10. Qxf3 Nbd7 11. Re1 Ne8 12. d3 Nd6 13. Bg5 f6 14. Bf4 Ne5 15. Qe2 Rc8 16. Bb3 Kh8 17. d4 Nec4 18. Qxe7 Nf5 19. Qxd8 Rfxd8 20. Bxc4 Rxc4 21. Re4 g5 22. Bh2 Kg8 23. Rae1 Kf7 24. g4 Nh4 25. R1e3 Rd7 26. Bg3 Ng6 27. Bb8 a6 28. Bg3 Bf8 29. b3 Rc8 30. Re6 Bb4 31. Ne4 Rxd5 32. Rxf6+ Kg7 33. Rb6 Rc1+ 34. Kg2 Rb5 35. Rxb5 axb5 36. Nxg5 Bd2 37. Ne6+ Kf6 38. Re2 Bc3 39. h4 Rd1 40. h5 Ne7 41. Bh4+ 1-0

[Event "Pereyra Puebla Memorial 06th"]
[Site "Mendoza"]
[Date "2007.12.19"]
[Round "6"]
[White "Rosito, Jorge"]
[Black "Mavrich, Leandro"]
[Result "1-0"]
[WhiteElo "2414"]
[BlackElo "2205"]
[PlyCount "55"]
[EventDate "2007.12.14"]
[EventType "swiss"]
[EventRounds "9"]
[EventCountry "ARG"]
[SourceTitle "CBM 121 Extra"]
[Source "ChessBase"]
[SourceDate "2008.01.10"]
[SourceVersion "1"]
[SourceVersionDate "2008.01.10"]
[SourceQuality "1"]

1. e4 c5 2. Nf3 d6 3. d4 cxd4 4. Nxd4 Nf6 5. Nc3 a6 6. Be2 e6 7. f4 Qc7 8. 0-0 Be7 9. Be3 Nc6 10. Kh1 Na5 11. a4 Nc4 12. Bc1 b6 13. Qd3 Na5 14. b4 Nc6 15. Nxc6 Qxc6 16. Bf3 e5 17. Nd5 Bd8 18. fxe5 dxe5 19. Bb2 Nd7 20. Bg4 0-0 21. Bxd7 Bxd7 22. Bxe5 Rc8 23. c3 Qc4 24. Qg3 g6 25. Rf4 f5 26. Raf1 Qc6 27. exf5 Bxf5 28. Ne3 1-0

[Event "Pereyra Puebla op"]
[Site "Pereyra Puebla"]
[Date "2006.12.20"]
[Round "8"]
[White "Luconi, Cristian"]
[Black "Rosito, Jorge"]
[Result "1/2-1/2"]
[WhiteElo "2270"]
[BlackElo "2417"]
[PlyCount "33"]
[EventDate "2006.12.15"]
[EventType "swiss"]
[EventRounds "9"]
[EventCountry "ARG"]
[SourceTitle "CBM 116 Extra"]
[Source "ChessBase"]
[SourceDate "2007.03.07"]
[SourceVersion "1"]
[SourceVersionDate "2007.03.07"]
[SourceQuality "1"]

1. d4 Nf6 2. Nf3 d5 3. Bf4 c5 4. e3 Nc6 5. c3 Qb6 6. Qb3 c4 7. Qc2 Bf5 8. Qc1 h6 9. h3 e6 10. Nbd2 Be7 11. Be2 Ne4 12. Nxe4 Bxe4 13. 0-0 Qd8 14. Nd2 Bh7 15. e4 0-0 16. Bf3 b5 17. a3 1/2-1/2

[Event "Regina Helena Marques 4th"]
[Site "Santos"]
[Date "2006.05.03"]
[Round "6"]
[White "Choma, Ernani Francisco"]
[Black "Rosito, Jorge"]
[Result "0-1"]
[WhiteElo "2275"]
[BlackElo "2426"]
[PlyCount "66"]
[EventDate "2006.04.29"]
[EventType "tourn"]
[EventRounds "11"]
[EventCountry "BRA"]
[EventCategory "4"]
[SourceTitle "CBM 112 Extra"]
[Source "ChessBase"]
[SourceDate "2006.07.14"]
[SourceVersion "1"]
[SourceVersionDate "2006.07.14"]
[SourceQuality "1"]

1. Nf3 Nf6 2. c4 e6 3. g3 a6 4. Bg2 b5 5. b3 Bb7 6. 0-0 c5 7. d3 Be7 8. e4 0-0 9. Bb2 Nc6 10. Nc3 Qb6 11. Rb1 Rad8 12. Re1 d6 13. h3 Rd7 14. Ne2 d5 15. cxd5 exd5 16. e5 Ne8 17. d4 Nc7 18. Qc2 Ne6 19. Rbd1 Rc8 20. Qb1 a5 21. h4 b4 22. Qa1 a4 23. Bh3 axb3 24. Nf4 Na5 25. dxc5 Bxc5 26. Nd4 Re8 27. axb3 Nxb3 28. Nxb3 Bxf2+ 29. Kh2 Bxe1 30. Bd4 Qc7 31. Bxe6 Qc2+ 32. Ng2 Bxg3+ 33. Kh1 fxe6 0-1

[Event "Regina Helena Marques 4th"]
[Site "Santos"]
[Date "2006.05.01"]
[Round "3"]
[White "Bachmann, Axel"]
[Black "Rosito, Jorge"]
[Result "1-0"]
[WhiteElo "2414"]
[BlackElo "2426"]
[PlyCount "99"]
[EventDate "2006.04.29"]
[EventType "tourn"]
[EventRounds "11"]
[EventCountry "BRA"]
[EventCategory "4"]
[SourceTitle "CBM 112 Extra"]
[Source "ChessBase"]
[SourceDate "2006.07.14"]
[SourceVersion "1"]
[SourceVersionDate "2006.07.14"]
[SourceQuality "1"]

1. e4 e5 2. Nf3 Nc6 3. Bc4 Nf6 4. d3 Be7 5. c3 0-0 6. Nbd2 d5 7. exd5 Nxd5 8. 0-0 Bg4 9. Re1 Kh8 10. h3 Bh5 11. Ne4 Nb6 12. Bb5 Bd6 13. Ng3 Bg6 14. Bxc6 bxc6 15. Nxe5 Bxe5 16. Rxe5 Bxd3 17. b3 Nd7 18. Re3 Bg6 19. Ba3 Re8 20. Rxe8+ Qxe8 21. Qd2 Nf6 22. Re1 Qd8 23. Qc1 Qd3 24. c4 a5 25. Rd1 Qc2 26. Qxc2 Bxc2 27. Rd2 Bb1 28. Bb2 a4 29. bxa4 Ne8 30. Bc3 f6 31. a5 Nd6 32. Bb4 Nxc4 33. Rd7 Bg6 34. Rxc7 h6 35. a6 Rxa6 36. Bf8 Kg8 37. Bxg7 Nd6 38. Bxh6 Bf7 39. Bf4 Nb5 40. Rc8+ Kh7 41. Ne4 Kg6 42. Be3 Bd5 43. Ng3 Rxa2 44. h4 Nd6 45. Rc7 Nf7 46. h5+ Kh7 47. Nf5 Kg8 48. Ne7+ Kf8 49. Bc5 Kg7 50. h6+ 1-0

[Event "Buenos Aires-ch qual"]
[Site "Buenos Aires"]
[Date "2006.03.23"]
[Round "3.4"]
[White "Blit, Jacques"]
[Black "Rosito, Jorge"]
[Result "1-0"]
[WhiteElo "2270"]
[BlackElo "2416"]
[PlyCount "37"]
[EventDate "2006.03.21"]
[EventType "swiss"]
[EventRounds "9"]
[EventCountry "ARG"]
[SourceTitle "CBM 111 Extra"]
[Source "ChessBase"]
[SourceDate "2006.05.09"]
[SourceVersion "1"]
[SourceVersionDate "2006.05.09"]
[SourceQuality "1"]

1. d3 d5 2. Nf3 Nf6 3. Nbd2 c5 4. e4 Nc6 5. g3 e5 6. exd5 Nxd5 7. Bg2 Be7 8. 0-0 0-0 9. Re1 f6 10. c3 Kh8 11. a3 Bg4 12. h3 Bf5 13. d4 exd4 14. Nh4 Bg6 15. Nxg6+ hxg6 16. Nf3 g5 17. Nh4 Ne5 18. Rxe5 fxe5 19. Ng6+ 1-0

[Event "Pereyra Puebla Memorial 05th"]
[Site "Mendoza"]
[Date "2005.12.22"]
[Round "9"]
[White "Cordova, Emilio"]
[Black "Rosito, Jorge"]
[Result "1/2-1/2"]
[WhiteElo "2434"]
[BlackElo "2416"]
[PlyCount "56"]
[EventDate "2005.12.16"]
[EventType "swiss"]
[EventRounds "9"]
[EventCountry "ARG"]
[SourceTitle "EXT 2007"]
[Source "ChessBase"]
[SourceDate "2006.11.23"]
[SourceVersion "1"]
[SourceVersionDate "2006.11.23"]
[SourceQuality "1"]

1. d4 Nf6 2. Bg5 g6 3. Bxf6 exf6 4. e3 Bg7 5. Nd2 d6 6. g3 0-0 7. Bg2 Re8 8. Ne2 f5 9. 0-0 c6 10. c4 Nd7 11. Qc2 Nf6 12. b4 Qe7 13. c5 d5 14. a4 Ne4 15. b5 g5 16. Rab1 Be6 17. Nxe4 fxe4 18. bxc6 bxc6 19. Rb3 Qc7 20. Rfb1 Rab8 21. Qb2 Rxb3 22. Qxb3 f5 23. Qb7 Rc8 24. a5 Bf6 25. a6 Bd8 26. Bf1 Kf7 27. Nc3 Ke7 28. Qxc7+ Rxc7 1/2-1/2